SAMOOHYA VIPLAVAM: SANKALPAVUM YADHARDHYAVUM (Record no. 15565)

MARC details
000 -LEADER
fixed length control field 00356nam a2200121Ia 4500
005 - DATE AND TIME OF LATEST TRANSACTION
control field 20250409181308.0
008 - FIXED-LENGTH DATA ELEMENTS--GENERAL INFORMATION
fixed length control field 250409s9999||||xx |||||||||||||| ||und||
100 ## - MAIN ENTRY--PERSONAL NAME
Personal name JANARDANAN PILLAI, K
245 #0 - TITLE STATEMENT
Title SAMOOHYA VIPLAVAM: SANKALPAVUM YADHARDHYAVUM
260 ## - PUBLICATION, DISTRIBUTION, ETC.
Name of publisher, distributor, etc. KERALA GANDHI SMARAKA NIDHI,
Place of publication, distribution, etc. TVM:
650 ## - SUBJECT ADDED ENTRY--TOPICAL TERM
Form subdivision Malayalam Miscellaneous Writings
942 ## - ADDED ENTRY ELEMENTS (KOHA)
Koha item type BOOK
Holdings
Withdrawn status Lost status Damaged status Not for loan Collection Home library Current library Shelving location Date acquired Total checkouts Full call number Barcode Date last seen Price effective from Koha item type
        Malayalam Miscellaneous Writings St.Dominics College Library St.Dominics College Library Malayalam Literature 04/09/2025   894.8128 JAN 24916 04/09/2025 04/09/2025 BOOK